Countries Containing Two As - Statistics

General Stats
  • This quiz has been taken 2,843 times
    2,233 since last reset
  • The average score is 56 of 75
Answer Stats
country % Correct
Argentina
91%
Australia
91%
Austria
90%
Algeria
89%
Andorra
89%
Albania
88%
Armenia
88%
Afghanistan
87%
Angola
86%
Canada
86%
Japan
84%
Azerbaijan
83%
Antigua and Barbuda
82%
Panama
82%
Bahamas
80%
Zambia
80%
Barbados
79%
Malaysia
79%
Pakistan
79%
Paraguay
78%
Kazakhstan
77%
Madagascar
77%
Romania
77%
Saudi Arabia
77%
Thailand
77%
United Arab Emirates
77%
Bahrain
76%
Cambodia
76%
Guatemala
76%
Latvia
76%
Namibia
76%
Central African Republic
75%
Mauritania
75%
Tajikistan
75%
Nicaragua
74%
South Africa
74%
Ghana
73%
Guinea-Bissau
73%
Jamaica
73%
San Marino
73%
Tanzania
73%
Vatican City
73%
Bangladesh
72%
Costa Rica
72%
Gambia
72%
Marshall Islands
72%
Qatar
72%
Somalia
72%
Bulgaria
71%
Lithuania
71%
Rwanda
71%
Slovakia
71%
Uganda
71%
Malawi
70%
Malta
70%
Palau
70%
Equatorial Guinea
69%
Vanuatu
69%
Croatia
68%
Guyana
68%
North Macedonia
68%
Papua New Guinea
68%
Saint Lucia
68%
Botswana
67%
Taiwan
67%
Grenada
66%
Saint Vincent and the Grenadines
66%
Trinidad and Tobago
66%
Samoa
65%
El Salvador
63%
New Zealand
63%
Myanmar
62%
Bosnia and Herzegovina
61%
Burkina Faso
60%
Sri Lanka
56%
No matching quizzes found
Score Distribution
Percent of People with Each Score
Percentile by Number Answered
Your Score History
You have not taken this quiz since the last reset